00724nam a2200253 a 4500001001300000003000900013005001700022008004100039020001000080082001300090100002100103245003400124260002900158300000900187500003500196505003000231650002700261650002000288700002100308902000800329942000700337952011300344999001300457nice12345678IN_TiNIC20260116011310.0050524s1964 wesa grp 000 0 eng  ac10000a270bWAD aWaddams, Herbert aMeeting the Orthodox Churches aWestminsterbC M Cc1964 a127p aincludes index and biblioraphy2 apart 1 age of the caliphs aChurch-History Eastern aOrthodox-Church1 aWaddams, Herbert bSRS cBK 001040708StackRoom-aHMIbHMId2007-07-17g100.00l0o270 WADp02693r2007-07-17v100.00w2005-05-24yBK c298d298